000 00530nam a2200205Ia 4500
003 OSt
005 20230401123416.0
008 210423s2009 xx 000 0 und d
020 _a9788120337299
040 _cAL
041 _aeng
082 _a658.45 DEBS
100 _aDEBASISH (Sathya Swaroop);DAS (Bhagaban).
_981882
245 _aBusiness communication.
260 _aNew Delhi
_bPHI Learning Pvt Ltd
_c2009
300 _axiv,331
_bPB
365 _b250
_cINR
906 _aBusiness ; communication.
942 _2ddc
_cBK
999 _c157871
_d157871